000 00292nam a22001337a 4500
008 170804b xxu||||| |||| 00| 0 eng d
020 _a9781861001269
041 _aeng
080 _a004
100 _a33
101 _aSHK
245 _aACTIVE SERVER PAGES 2.0
_cFEDOROV,A
942 _2udc
_cBK
999 _c22696
_d22696